| 000 | 00408pab a2200157 454500 | ||
|---|---|---|---|
| 008 | 180718b2003 xxu||||| |||| 00| 0 eng d | ||
| 100 | _aSarkar, A.N. | ||
| 245 | _aFinancing industrial infrastructure in India: a conspective review | ||
| 260 | _c2003 | ||
| 300 | _ap.25-45. | ||
| 362 | _aJan-Jun | ||
| 650 | _aIndia - Industries | ||
| 650 | _aIndustrial development | ||
| 773 | _aVision | ||
| 909 | _a57815 | ||
| 999 |
_c57815 _d57815 |
||